[Event "NATO-ch 33rd"]
[Site "Portoroz"]
[Date "2023.09.05"]
[Round "2"]
[White "Schott, Guido"]
[Black "Smit, Jan"]
[Result "1-0"]
[WhiteElo "2022"]
[BlackElo "1754"]
[PlyCount "61"]
[EventDate "2023.09.04"]
[EventType "swiss"]
[EventRounds "7"]
[EventCountry "SLO"]
[SourceTitle "EXT 2024"]
[Source "ChessBase"]
[SourceDate "2023.10.10"]
[SourceVersion "1"]
[SourceVersionDate "2023.10.10"]
[SourceQuality "1"]

1. Nf3 d6 2. d4 g6 3. e4 Bg7 4. Bc4 Nf6 5. Qe2 c6 6. Nc3 Qc7 7. e5 dxe5 8. dxe5 Nd5 9. Bxd5 cxd5 10. Nxd5 Qa5+ 11. Qd2 Qxd2+ 12. Bxd2 Na6 13. 0-0-0 e6 14. Nf6+ Bxf6 15. exf6 Bd7 16. Ne5 Bc6 17. Bh6 Nc5 18. f3 Nd7 19. Nc4 Kd8 20. Nd6 Kc7 21. Nxf7 Rhg8 22. Bf4+ Kb6 23. Nh6 Rgf8 24. f7 Rfc8 25. Rd6 e5 26. Be3+ Kc7 27. Rhd1 Nf8 28. Ng4 Rd8 29. Rxd8 Rxd8 30. Rxd8 Kxd8 31. Bc5 1-0

[Event "NATO-ch 32nd"]
[Site "Tartu"]
[Date "2022.06.27"]
[Round "1"]
[White "Schott, Guido"]
[Black "Smit, Jan"]
[Result "1/2-1/2"]
[WhiteElo "2028"]
[BlackElo "1741"]
[PlyCount "36"]
[EventDate "2022.06.27"]
[EventType "swiss"]
[EventRounds "7"]
[EventCountry "EST"]
[SourceTitle "EXT 2023"]
[Source "ChessBase"]
[SourceDate "2022.10.05"]
[SourceVersion "1"]
[SourceVersionDate "2022.10.05"]
[SourceQuality "1"]

1. e4 g6 2. d4 d6 3. Nf3 Bg7 4. Nc3 Nf6 5. h3 0-0 6. Be3 c6 7. Qd2 Qc7 8. Bh6 e5 9. 0-0-0 b5 10. Bd3 a5 11. Bxg7 Kxg7 12. dxe5 dxe5 13. Nh4 Qe7 14. f4 Nh5 15. fxe5 Qxh4 16. g4 Be6 17. gxh5 Qxh5 18. Kb1 Nd7 1/2-1/2

[Event "NATO-ch 31st"]
[Site "Blankenberge"]
[Date "2021.10.14"]
[Round "6.23"]
[White "Farrell, John F"]
[Black "Schott, Guido"]
[Result "1/2-1/2"]
[WhiteElo "1934"]
[BlackElo "2029"]
[PlyCount "64"]
[EventDate "2021.10.11"]
[EventType "team-swiss"]
[EventRounds "7"]
[EventCountry "BEL"]
[SourceTitle "CBM 204 Extra"]
[Source "ChessBase"]
[SourceDate "2021.11.30"]
[SourceVersion "1"]
[SourceVersionDate "2021.11.30"]
[SourceQuality "1"]
[WhiteTeam "NATO LTM"]
[BlackTeam "NATO II"]

1. c4 e5 2. g3 Nc6 3. Bg2 Bc5 4. Nc3 d6 5. e3 Be6 6. d3 Qd7 7. Nge2 Bh3 8. 0-0 a5 9. d4 Ba7 10. Nb5 Bxg2 11. Kxg2 Nf6 12. b3 h5 13. h4 g5 14. Rh1 g4 15. Bb2 exd4 16. Nexd4 Bb6 17. Ne2 Qf5 18. Nf4 Qe4+ 19. Kh2 Ne5 20. Bxe5 dxe5 21. Nd5 Nxd5 22. Qxd5 Qf5 23. Qg2 0-0-0 24. Rhd1 Rxd1 25. Rxd1 Qc2 26. Qf1 Rd8 27. Rxd8+ Kxd8 28. Kg1 Ke7 29. Qa1 f6 30. Qc3 Qd1+ 31. Kg2 Qe2 32. a4 Qf3+ 1/2-1/2

[Event "NATO-ch 30th"]
[Site "Berlin"]
[Date "2019.09.17"]
[Round "2.29"]
[White "Schott, Guido"]
[Black "De Cat, Ben"]
[Result "1/2-1/2"]
[WhiteElo "2043"]
[BlackElo "1891"]
[PlyCount "101"]
[EventDate "2019.09.14"]
[EventType "team-swiss"]
[EventRounds "7"]
[EventCountry "GER"]
[SourceTitle "EXT 2020"]
[Source "ChessBase"]
[SourceDate "2019.10.17"]
[SourceVersion "1"]
[SourceVersionDate "2019.10.17"]
[SourceQuality "1"]
[WhiteTeam "NATO III"]
[BlackTeam "Belgium"]
[BlackTeamCountry "BEL"]

1. Nf3 Nf6 2. c4 d6 3. d4 c6 4. Nc3 Nbd7 5. g3 e5 6. Bg2 Be7 7. 0-0 Qc7 8. Qc2 0-0 9. b3 Re8 10. Bb2 Nf8 11. Rad1 Bg4 12. dxe5 dxe5 13. Ne4 Ng6 14. h3 Nxe4 15. hxg4 Ng5 16. Nxg5 Bxg5 17. Qf5 f6 18. e3 Rad8 19. Be4 Kf7 20. Qf3 Rxd1 21. Rxd1 Rd8 22. Kg2 Ke8 23. Qe2 Rxd1 24. Qxd1 Qd7 25. Qe2 Kf7 26. c5 Kf8 27. b4 Bh6 28. a4 Ne7 29. b5 g6 30. Bc3 Bg7 31. Bf3 f5 32. gxf5 gxf5 33. Qc4 e4 34. Bxg7+ Kxg7 35. Be2 Nd5 36. Qd4+ Nf6 37. Qe5 Kg6 38. Bc4 Qd1 39. Qf4 Nh5 40. Qd6+ Qxd6 41. cxd6 Kf6 42. Kh3 Ng7 43. g4 fxg4+ 44. Kxg4 Ne6 45. d7 Nd8 46. Kf4 Ke7 47. Kxe4 Kxd7 48. Kf5 Ke7 49. Bg8 Nf7 50. Bxh7 cxb5 51. axb5 1/2-1/2